00259nam a2200109Ia 4500008004100000041000800041082002300049100001700072245002300089260002800112300000900140230411s9999 xx 000 0 und d aeng aX/174.2/SHE/B07169 aShetty Rekha aHappinest Quotient bWestlandaChennaic2011 a166p